Statistiques concernant Pays d'Asie par première et dernière lettre

Cliquez ici pour prendre le quiz!

Statistiques générales

  • Ce quiz a été pris 333 fois
  • Le résultat moyen est 32 sur 48

Réponses sur la Carte

Les réponses sont colorées sur une échelle allant du rouge au vert en fonction du pourcentage des utilisateurs qui les ont devinées à leur premier essai. Vous pouvez retrouver ces pourcentages ci-dessous.
 

Statistiques - réponses

pays% Correct
Cambodge
92%
Chine
92%
Chypre
92%
Inde
91%
Indonésie
91%
Timor-Leste
89%
Turquie
88%
Oman
84%
Ouzbékistan
84%
Malaisie
81%
Mongolie
81%
Arabie Saoudite
80%
Arménie
80%
Afghanistan
79%
Azerbaïdjan
79%
Iran
79%
Thaïlande
78%
Kazakhstan
77%
Kirghizistan
77%
Japon
75%
Tadjikistan
75%
Taïwan
75%
Turkménistan
75%
Pakistan
71%
Irak
69%
Yémen
69%
Corée du Nord
63%
Corée du Sud
63%
Népal
60%
Syrie
59%
Bahreïn
57%
Bhoutan
57%
Birmanie
54%
Israël
54%
Qatar
54%
Viêt Nam
54%
Émirats arabes unis
53%
Sri Lanka
53%
Laos
52%
Jordanie
50%
Géorgie
49%
Philippines
47%
Bangladesh
46%
Liban
46%
Koweït
38%
Singapour
35%
Brunei
31%
Maldives
23%

Distribution des résultats

Percentile par nombre de réponses

% des personnes avec chaque résultat

Votre développement - résultats

Vous n’avez pas pris ce quiz